Epigeios ouranos = El cielo en la tierra : estudios sobre el monasterio bizantino /

Saved in:
நூற்பட்டியல் விவரங்கள்
மற்ற எழுத்தாளர்கள்: Bádenas de la Peña, Pedro, 1947-, Bravo García, A., Pérez Martín, Inmaculada.
வடிவம்: புத்தகம்
மொழி:Spanish
வெளியீடப்பட்டது: Madrid : Consejo Superior de Investigaciones Científicas, 1997.
தொகுதி:Nueva Roma ; 3.
பகுதிகள்:
குறியீடுகள்: குறிச்சொல் இணை
குறியீடுகள் இல்லை, இந்த குறிச்சொல்லை முதலில் பதிவு செய்யுங்கள்!
LEADER 01484cam a2200373Ia 4500
001 007720068-3
005 20121106165704.0
008 990111s1997 sp afh b 001 0 spa d
020 |a 8400076508 
020 |a 9788400076504 
035 0 |a ocm40633042 
040 |a PL#  |c PL#  |d OCL  |d CIN  |d I5B  |d OCLCG  |d OCLCQ  |d ZZAND 
041 0 |a spagrclat 
043 |a mm----- 
050 4 |a BX385.B9  |b E65 1997 
082 0 4 |a 255  |b E633  |2 21 
245 0 0 |a Epigeios ouranos =  |b El cielo en la tierra : estudios sobre el monasterio bizantino /  |c Pedro Bádenas, Antonio Bravo e Inmaculada Pérez Martín, editores. 
246 3 1 |a Cielo en la tierra 
246 1 8 |a Cielo en la tierra :  |b estudios sobre el monasterio bizantino 
260 |a Madrid :  |b Consejo Superior de Investigaciones Científicas,  |c 1997. 
300 |a xii, 352 p., [34] p. of plates :  |b ill., facisms. ;  |c 24 cm. 
490 1 |a Nueva Roma ;  |v 3 
546 |a Spanish, with some Greek and Latin. 
504 |a Includes bibliographical references and index. 
650 0 |a Orthodox Eastern monasticism and religious orders  |z Byzantine Empire  |x History. 
650 0 |a Orthodox Eastern monasteries  |z Byzantine Empire  |x History. 
650 0 |a Monasticism and religious orders  |z Byzantine Empire  |x History. 
651 0 |a Byzantine Empire  |x Church history. 
700 1 |a Bádenas de la Peña, Pedro,  |d 1947- 
700 1 |a Bravo García, A. 
700 1 |a Pérez Martín, Inmaculada. 
830 0 |a Nueva Roma ;  |v 3. 
988 |a 20020608 
906 |0 OCLC